000 00926nam a22002537a 4500
008 240608b mp ||||| |||| 00| 0 mon d
020 _a978-9919-517-33-5
035 _a18594
040 _aDU1548031
_bmon
_cMN-UlNLM
_dMN-UlNLM
_erda
041 _amon
042 _a45407
084 _2NNA
_a84(4ИхБр)
_bК-92
100 _aКинни Ж.
245 0 _aХуучин цаг
264 _aУлаанбаатар
_bАдмон ХХК
_c2015
300 _a217
336 _2rdacontent
_atext
_btxt
337 _2rdamedia
_aunmediated
_bn
338 _2rdacarrier
_avolume
_bnc
490 _aДүрсгүй жаалын өдрийн тэмдэглэл
_v10
650 _aДунд сургуульд тохиолдсон адал явдлын тухай Грегийн тэмдэглэл. дунд ангийнханд, Хүүхдийн комик зохиол...
942 _2NNA
_cBK
999 _c843383
_d843440